Ethical practice in forensic psychology : (Record no. 825)

MARC details
000 -LEADER
fixed length control field 01122cam a22003494a 4500
005 - DATE AND TIME OF LATEST TRANSACTION
control field 20260322212035.0
008 - FIXED-LENGTH DATA ELEMENTS--GENERAL INFORMATION
fixed length control field data
010 ## - LIBRARY OF CONGRESS CONTROL NUMBER
LC control number 2005034198
020 ## - INTERNATIONAL STANDARD BOOK NUMBER
International Standard Book Number 9781591473954
020 ## - INTERNATIONAL STANDARD BOOK NUMBER
International Standard Book Number 1591473950
040 ## - CATALOGING SOURCE
Original cataloging agency DLC
Transcribing agency DLC
Modifying agency IXA
-- C#P
-- IXA
041 09 - LANGUAGE CODE
Language code of text/sound track or separate title eng
042 ## - AUTHENTICATION CODE
Authentication code nlmcopyc
-- nlmcopyc
044 ## - COUNTRY OF PUBLISHING/PRODUCING ENTITY CODE
-- United States
049 ## - LOCAL HOLDINGS (OCLC)
Holding library NLMM
050 00 - LIBRARY OF CONGRESS CALL NUMBER
Classification number RA1148
Item number .B86 2006
060 10 - NATIONAL LIBRARY OF MEDICINE CALL NUMBER
Classification number W 740
Item number B978e 2006
082 00 - DEWEY DECIMAL CLASSIFICATION NUMBER
Classification number 174.2/9415
Edition information 22
001 - CONTROL NUMBER
control field data
100 1# - MAIN ENTRY--PERSONAL NAME
Personal name Bush, Shane S.,
Dates associated with a name 1965-
245 10 - TITLE STATEMENT
Title Ethical practice in forensic psychology :
Remainder of title a systematic model for decision making /
Statement of responsibility, etc. Shane S. Bush ... [et al.].
250 ## - EDITION STATEMENT
Edition statement 1st ed.
260 ## - PUBLICATION, DISTRIBUTION, ETC.
Place of publication, distribution, etc. Washington, DC :
Name of publisher, distributor, etc. American Psychological Association,
Date of publication, distribution, etc. c2006.
300 ## - PHYSICAL DESCRIPTION
Extent xi, 196 p. ;
Dimensions 27 cm.
504 ## - BIBLIOGRAPHY, ETC. NOTE
Bibliography, etc. note Includes bibliographical references (p. 171-181) and indexes.
650 12 - SUBJECT ADDED ENTRY--TOPICAL TERM
Topical term or geographic name entry element Forensic Psychiatry
General subdivision ethics
Geographic subdivision United States
650 22 - SUBJECT ADDED ENTRY--TOPICAL TERM
Topical term or geographic name entry element Forensic Psychiatry
General subdivision standards
Geographic subdivision United States
650 22 - SUBJECT ADDED ENTRY--TOPICAL TERM
Topical term or geographic name entry element Ethics, Professional
Geographic subdivision United States
700 1# - ADDED ENTRY--PERSONAL NAME
Personal name Connell, Mary A.
700 1# - ADDED ENTRY--PERSONAL NAME
Personal name Denney, Robert L.
710 2# - ADDED ENTRY--CORPORATE NAME
Corporate name or jurisdiction name as entry element American Psychological Association.
Holdings
Withdrawn status Lost status Damaged status Not for loan Home library Current library Shelving location Date acquired Total checkouts Full call number Barcode Date last seen Price effective from Koha item type
        Midway Midway General stacks 22/03/2026   174.2/9415 22 BC0010849 22/03/2026 22/03/2026 Books